| 000 | 00958na a2200205 4500 | ||
|---|---|---|---|
| 001 | 23258 | ||
| 003 | MIRAKIL | ||
| 005 | 20181213155029.0 | ||
| 008 | 170821b tu 000 0 | ||
| 040 |
_aMilas _btur _cTR-AnCHP |
||
| 041 | _atur | ||
| 245 |
_aMavi Marmara davası _bGazze özgürlük filosu'na 31.05.2010 tarihinde düzenlenen İsrail saldırısı ile ilgili yürütülen hukuk çalışması _cİnsani Yardım Vakfı İnsan Hakları ve Hukuk Komisyonu |
||
| 246 | _aGazze özgürlük filosu'na 31.05.2010 tarihinde düzenlenen İsrail saldırısı ile ilgili yürütülen hukuk çalışması | ||
| 260 |
_aİstanbul _bİnsani Yardım Vakfı İnsan Hakları ve Hukuk Komisyonu _c2012 |
||
| 300 |
_a21 s. _bfotğ. _c27 sm. |
||
| 500 | _aGEÇİCİ KATALOG KAYDIDIR. | ||
| 740 | _aGazze özgürlük filosu'na 31.05.2010 tarihinde düzenlenen İsrail saldırısı ile ilgili yürütülen hukuk çalışması | ||
| 942 |
_2dcc _cBKS |
||
| 999 |
_c5147 _d5147 |
||